The Ultimate Mississauga Quiz! - Statistics

General Stats
  • This quiz has been taken 89 times
  • The average score is 10 of 15
Answer Stats
Question Answer % Correct
The city centre / downtown area of Mississauga is locally known by what name, named for a major mall located there? Square One
91%
What region/district is Mississauga in? Peel Region
89%
Which of these is a major road in Mississauga? Hurontario St.
82%
What highway, also the busiest highway in North America, runs through northern Mississauga? Highway 401
80%
What is Mississauga's public transit called? MiWay
80%
If you travel north on Highway 410, what neighbouring city of Mississauga would you reach? Brampton
76%
Which of these is NOT a major road in Mississauga? King St.
73%
Which of these is NOT a region in Mississauga? Midtown
73%
What is the name of Mississauga's Hockey team? Steelheads
67%
Which is these IS a region in Mississauga? Malton
65%
What is Mississauga's City Hall popularly known as? Celebration Square
56%
In what range does the population of Mississauga fall in? 500,000 - 1,000,000
55%
What was Mississauga's old name? Toronto Township
53%
As of 2024, who is Mississauga's mayor? Carolyn Parrish
49%
Mississauga is the 7th most populous city in Canada. Which of the following cities is a city with a higher population than Mississauga? Edmonton
29%
No matching quizzes found
Score Distribution
Percent of People with Each Score
Percentile by Number Answered
Your Score History
You have not taken this quiz